Quizzes
Events
Quiz Creation
Community
Videos
Private Events
Remove Ads
Sign In
Join for FREE
Feedback
Dark Mode
Quiz Categories
Sports
Geography
Music
Movies
Television
Just For Fun
Miscellaneous
History
Literature
Language
Science
Gaming
Entertainment
Religion
Holiday
For Kids
Quiz Lab
Recent
Popular Today
Quiz Kudos Today
Editor Picks
Curator Picks
Quizzes by...
Day
Popularity
Type
Ratings
Length
Year
Community
Subscriptions
Recent Discussions
Orange Saloon
Badges
Playlists
Quests
Create
Leaderboards
Showdown
Live 5
Trivia Bingo
Activity
Puzzle Library
Sporcle Events
Private Events
Virtual Trivia
Globe League
Become a Host
Pub Owners
SporcleCon
Opinionation
Our Games
Videos
Blog
Mobile Apps
Partnerships
Remove Ads and Go Orange
Feedback
Sports
Athletes
MLB
NBA
NHL
NFL
Soccer
Sports Teams
WWE
NCAA
Football
Premier League
Basketball
Baseball
Hockey
Golf
Tennis
Cricket
Rugby
Auto Racing
Olympics
World Cup
Sports
Athletes
MLB
NBA
NHL
NFL
Soccer
Sports Teams
WWE
NCAA
Football
Premier League
Basketball
Baseball
Hockey
Golf
Tennis
Cricket
Rugby
Auto Racing
Olympics
World Cup
Random Quiz
Search Sporcle
×
Quiz Lab
Quiz Lab
Sports
NHL
Type in answers that appear in a list
Type in answers that appear in a list
Classic
Best Score? Go Orange.
NHL Top scorers by country Stats
Can you name the NHL Top scorers by country at the moment?
By
guga
15m
49 Questions
81 Plays
81 Plays
81 Plays
Comments
Comments
Give Quiz Kudos
Give Quiz Kudos
-
- Ratings
hide this ad
Replay
Link that replays current quiz
Next Quiz
Link to next quiz in quiz playlist
You Got
0%
They Got
Avg Score
30%
Avg Friend Score
Upgrade to see
Score Distribution
Jump to the score distribution portion of the page
Score
0/49
Timer
15:00
0
Plays Today
Country
Name
% Correct
Canada
Sidney Crosby
90.1%
Russia
Alex Ovechkin
85.2%
Canada
Steven Stamkos
76.5%
Sweden
Daniel Sedin
74.1%
Sweden
Henrik Sedin
74.1%
Austria
Thomas Vanek
60.5%
Slovenia
Anze Kopitar
60.5%
Finland
Teemu Selänne
58%
Sweden
Henrik Zetterberg
54.3%
Finland
Mikko Koivu
50.6%
Slovakia
Marian Gaborik
50.6%
Russia
Pavel Datsyuk
49.4%
Canada
Martin St. Louis
45.7%
United States
Ryan Kesler
40.7%
Kazakhstan
Nik Antropov
38.3%
Belarus
Sergei Kostitsyn
37%
Belarus
Andrei Kostitsyn
37%
Belarus
Mikhail Grabovski
35.8%
United States
Paul Stastny
28.4%
Czech Rep.
Tomas Plekanec
27.2%
Germany
Marcel Goc
27.2%
Czech Rep.
Martin Havlat
25.9%
Poland
Wojtek Wolski
23.5%
Czech Rep.
Milan Hejduk
21%
Germany
Christian Ehrhoff
19.8%
Country
Name
% Correct
Denmark
Frans Nielsen
17.3%
Lithuania
Dainius Zubrus
17.3%
Slovakia
Lubomir Visnovsky
17.3%
Denmark
Peter Regin
16%
Finland
Tuomo Ruutu
16%
Norway
Mats Zuccarello
16%
Ukraine
Alexei Ponikarovsky
16%
Switzerland
Yannick Weber
14.8%
Germany
Dennis Seidenberg
13.6%
Ukraine
Ruslan Fedotenko
13.6%
Austria
Michael Grabner
12.3%
Denmark
Jannik Hansen
12.3%
Latvia
Karlis Skrastins
12.3%
United States
Keith Yandle
12.3%
Austria
Andreas Nodl
11.1%
Russia
Nikolai Kulemin
11.1%
Switzerland
Nino Niederreiter
11.1%
Switzerland
Luca Sbisa
9.9%
Latvia
Oskars Bartulis
7.4%
Ukraine
Anton Babchuk
6.2%
Slovakia
Tomas Kopecky
4.9%
Norway
Jonas Holos
3.7%
Slovenia
Jan Mursak
3.7%
Latvia
Arturs Kulda
2.5%
Quiz Playlist
Details
Report
Send in Message
Add To Playlist
Classic:
Type in answers that appear in a list
Last Updated: Feb 16, 2017
Quiz Scoreboard
CHALLENGE
Sign Up to Join the Scoreboard
Show All
Scores
Hide
Comments
May contain spoilers
Recently Published
Presidents Visiting Landmarks
by Hejman
History
7m
An Introduction to Baseball
by treessimontrees
Sports
5m
Movies - When Are They Set?
by FPL_Elf
Movies
5m
More to Explore
Quiz From the Vault
Featured Blog Post
Where Did the Easter Bunny Come From?
hide this ad
You Might Also Like...
Tags
Country Quiz
NHL Quiz
moment
point
Scorer
Today's Top Quizzes in Sports
Browse Sports
hide this ad
Today's Top Quizzes in NHL
Browse NHL
Top Contributed Quizzes in Sports
1
Les meilleurs buteurs des matchs entre le PSG et l’OM
2
2022 World Cup Stars
3
FIFA Club World Cup Champions
4
Les entraîneurs de l'OM et du PSG au 21e siècle
5
Name the Premier League winners with different clubs
6
La finale Lions - Afrique du Sud 2021
7
England Test cricketers to play under Nasser Hussain
8
5-to-1: UK Sports Teams
9
Les joueurs passés par le LOSC et le RC Lens
10
Criteria MLB: Left Handed Sluggers
Explore More
Trending Topics
NBA
Harry Potter
Kpop
Anime
Marvel
Crossword
Disney
Country
WWE
Song
Puzzle
Pokémon
Soccer
NFL
The Office
hide this ad
More By:
guga
Quiz
Plays
Rating
Category
Featured
Created
La liga top 5 scorers
9,255
4.43
Sports
Jul 24, 2010
Champions League Top Scorers 1994-2015
2,777
3.80
Sports
Feb 1, 2011
NHL goalies Teemu Selanne has scored on
2,650
4.50
Sports
Mar 26, 2011
Finland ice hockey rosters 1988-2014
1,522
5.00
Sports
Dec 16, 2012
FIFA best players since 1991
1,000
3.86
Sports
Dec 24, 2010
Go to Creator's Profile
Score Distribution
Quiz Creator Spotlight
guga
Follow
Send a Message
Quizzes Created
-
Created Quiz Play Count
-
More By This Creator
Popular Quizzes Today
1
Find the US States - No Outlines Minefield
2
Find the Countries of Europe - No Outlines Minefield
3
The Countries of the World
4
Popular People in 1961
5
Find the US States
6
US States
7
Risky Map Clicking: Biggest States A-Z
8
1-10 Letter E Words III
More Sports Quizzes
Who eliminated whom, 2019 Rugby World Cup
Editor's Pick
Trending Quizzes
Risky Map Clicking: Least Populous States A-Z
1-10 Letter F Words
1-10 Letter G Words
One Thing in Common: United Kingdom
Risky Map Clicking: Next State Alphabetically
Recently Updated
Leaping Animals
pecheneg
Reality TV Shows (A-Z)
bhenderson79
Rickey Henderson's Hall of Fame Teammates
pecheneg
Champions League XIs: Arsenal
pecheneg
Quick Pick: Celebrities in WWE's Hall of Fame
aduchscher
A-Z Keypad Blitz II
pecheneg
Multiple Oscar Actors
pecheneg
Mystery Phrase Blitz: Oscar 'Best Actors'
pecheneg
F. Scott Fitzgerald Novels
LTH
Pick 3 Villains
ddd62291
Trending Topics
Disney
Anime
Harry Potter
Marvel
Crossword
NBA
Kpop
Puzzle
Country
Soccer
Song
WWE
NFL
The Office
Pokémon
Your Account Isn't Verified!
In order to create a playlist on Sporcle, you need to verify the email address you used during registration. Go to your
Sporcle Settings
to finish the process.
Report this User
Report this user for behavior that violates our
Community Guidelines
.
Details:
Send Report
Go to the Sporcle.com Mobile Site →
Comments